书目信息 |
| 题名: |
中国震撼世界
|
|
| 作者: | 贝尔登 , Belden 著 ;邱应觉 译 | |
| 分册: | ||
| 出版信息: | 北京 北京出版社 1980 |
|
| 页数: | 638页 | |
| 开本: | 21cm | |
| 丛书名: | ||
| 单 册: | ||
| 中图分类: | K266 , I712.4 | |
| 科图分类: | ||
| 主题词: | 第三次国内革命战争 , 文学 | |
| 电子资源: | ||
| ISBN: | ||
| 000 | 00844nam0 2200301 45 | |
| 001 | 1533108668 | |
| 005 | 20150126205145.10 | |
| 010 | @dCNY1.95 | |
| 091 | @aCN@b10071.278 | |
| 100 | @a19950721d1980 em y0chiy0121 ea | |
| 101 | 1 | @achi@ceng |
| 102 | @aCN@b110000 | |
| 105 | @ay z 000yy | |
| 200 | 10 | @a中国震撼世界@Azhong guo zhen han shi jie@f(美)杰克·贝尔登(J. Belden)著@g邱应觉等译 |
| 210 | @a北京@c北京出版社@d1980 | |
| 215 | @a638页@d21cm | |
| 300 | @a书名原文:China shakes the world | |
| 510 | 1 | @aChina shakes the world@zeng |
| 606 | @a第三次国内革命战争 | |
| 606 | 0 | @a文学 |
| 690 | @aK266@v3 | |
| 690 | @aI712.4@v4 | |
| 701 | 1 | @a贝尔登@Abei er deng@bJ.@4著 |
| 701 | A1 | @aBelden@bJ.@4著 |
| 702 | 0 | @a邱应觉@Aqiu ying jiao@4译 |
| 801 | 0 | @aCN@bTSSF@c20150126 |
| 801 | 2 | @aCN@bNLC |
| 905 | @aZUCC@dI712.4@eJY57 | |
| 中国震撼世界/(美)杰克·贝尔登(J. Belden)著/邱应觉等译.-北京:北京出版社,1980 |
| 638页;21cm |
| 书名原文:China shakes the world |
| ISBN :CNY1.95 |
| ● |
| 相关链接 |
|
|
|
|
正题名:中国震撼世界
索取号:I712.4/JY57
 
预约/预借
| 序号 | 登录号 | 条形码 | 馆藏地/架位号 | 状态 | 备注 |
| 1 | 7843942 | 278439423 | 学院路分馆/ [索取号:I712.4/JY57] | 在馆 |